| 000 | 00915cam a2200253 a 4500 | ||
|---|---|---|---|
| 001 | unk83065796 | ||
| 003 | DLC | ||
| 005 | 20260227112800.0 | ||
| 008 | 860227s1869 ii 000 0 san | ||
| 010 | _aunk83065796 | ||
| 040 |
_aDLC _cDLC |
||
| 050 | 0 | 0 |
_aPK2916 _b.V577 1869 |
| 100 | 0 | _aViśvanātha Kavirāja. | |
| 240 | 1 | 0 | _aSāhityadarpaṇa |
| 245 | 1 | 4 |
_aSāhityadarpaṇaṃ nām[ā]laṅkāraśāstraṃ / _cViśvanātha Kavirājaviracitaṃ = The sáhitya-darpaṇa, or, Mirror of composition : a treatise on literary criticism / by Viśwanátha Kavirája |
| 246 | 3 | 1 | _aSáhitya-darpaṇa |
| 246 | 3 | 1 | _aMirror of composition |
| 260 |
_aCalcutta : _bBábu Bhuvana Chandra Vaśaka, _c1869. |
||
| 300 |
_a16, 346 p. ; _c22 cm. |
||
| 546 | _aIn Sanskrit. | ||
| 500 |
_aLC copy: Weber Collection; dated Apr. 14, 1870. _5DLC |
||
| 650 | 0 |
_aSanskrit poetry _xHistory and criticism. |
|
| 650 | 0 | _aPoetics. | |
| 999 |
_c91476 _d91476 |
||